Biggest Economies by Decade (1800-1890) - Statistics

General Stats
  • This quiz has been taken 53 times
  • The average score is 91 of 100
Answer Stats
Year Rank GDP (PPP) Answer % Correct
5. 24.92B France
100%
3 55.94B France
100%
4. 35.25B France
100%
4. 39.69B France
100%
4. 49.62B France
100%
4. 60.06B France
100%
4. 72.92B France
100%
5. 76.8B France
100%
6. 88.76B France
100%
6. 110.87B France
100%
1800 1. 217.57B Qing Dynasty
100%
1810 1. 223.58B Qing Dynasty
100%
1820 1. 229.65B Qing Dynasty
100%
1830 1. 235.91B Qing Dynasty
100%
1840 1. 242.14B Qing Dynasty
100%
1850 1. 248.38B Qing Dynasty
100%
2. 219.69B Qing Dynasty
100%
2. 191.47B Qing Dynasty
100%
2. 197.6B Qing Dynasty
100%
3. 207.44B Qing Dynasty
100%
4. 34.23B Russian Empire
100%
4. 43.33B Russian Empire
100%
3. 52.59B Russian Empire
100%
3. 62B Russian Empire
100%
3. 71.36B Russian Empire
100%
3. 80.73B Russian Empire
100%
3. 97.71B Russian Empire
100%
3. 127.95B Russian Empire
100%
4. 157.53B Russian Empire
100%
4. 206.24B Russian Empire
100%
2. 73.53B United Kingdom
100%
2. 102.4B United Kingdom
100%
2. 156.51B United Kingdom
100%
2. 169.09B United Kingdom
100%
2. 187.3B United Kingdom
100%
2. 205.39B United Kingdom
100%
1860 1. 235.57B United Kingdom
100%
1870 1. 256.9B United Kingdom
100%
1880 1. 293.62B United Kingdom
100%
1890 1. 352.28B United Kingdom
100%
7. 16.28B Spain
98%
7. 17.73B Spain
98%
7. 18.56B Spain
98%
8. 15.2B Spain
98%
9. 16.83B Spain
98%
9. 18.46B Spain
98%
9. 22.12B Spain
98%
9. 12.51B United States
98%
7. 18.19B United States
98%
5. 27.44B United States
98%
5. 42.43B United States
98%
5. 69.38B United States
98%
4. 97.93B United States
98%
3. 160.54B United States
98%
2. 217.82B United States
98%
7. 40.77B Kingdom of Italy
92%
7. 46.67B Kingdom of Italy
92%
7. 52.79B Kingdom of Italy
92%
10. 25.37B Empire of Japan
90%
10. 31.77B Empire of Japan
90%
10. 39.91B Empire of Japan
90%
6. 20.09B Tokugawa Shogunate
90%
6. 20.41B Tokugawa Shogunate
90%
5. 20.74B Tokugawa Shogunate
90%
6. 21.07B Tokugawa Shogunate
90%
6. 21.4B Tokugawa Shogunate
90%
7. 21.73B Tokugawa Shogunate
90%
8. 23.56B Tokugawa Shogunate
90%
8. 31B Austria-Hungary
88%
8. 42.1B Austria-Hungary
88%
8. 52.71B Austria-Hungary
88%
9. 11.43B Austrian Empire
88%
10. 8.8B Austrian Empire
88%
10. 16.48B Austrian Empire
88%
10. 18.43B Austrian Empire
88%
10. 10.76B Netherlands
88%
8. 12.74B Netherlands
88%
6. 19.76B Netherlands
88%
5. 22.57B Netherlands
88%
7. 19.99B Netherlands
88%
6. 21.96B Netherlands
88%
6. 24.67B Netherlands
88%
9. 28.79B Netherlands
88%
9. 34.06B Netherlands
88%
9. 39.97B Netherlands
88%
9. 11.63B Ottoman Empire
84%
8. 13.54B Ottoman Empire
84%
10. 13.96B Ottoman Empire
84%
10. 15.69B Ottoman Empire
84%
3. 61.39B Maratha Empire
80%
5. 42.72B Maratha Empire
80%
5. 98.15B German Empire
74%
5. 130.69B German Empire
74%
10. 10.7B Prussia
44%
9. 14.88B Prussia
44%
8. 17.07B Prussia
44%
8. 19.26B Prussia
44%
7. 23.63B Prussia
44%
8. 12.5B Holy Roman Empire
38%
6. 57.75B North German Confederation
10%
No matching quizzes found
Score Distribution
Percent of People with Each Score
Percentile by Number Answered
Your Score History
You have not taken this quiz